| 000 | 01279cab a2200253 4500 | ||
|---|---|---|---|
| 001 | ABS68116 | ||
| 008 | 040820n2004 000 0 eng u | ||
| 035 | _a(Sirsi) u127124 | ||
| 100 | _aNorwood, G. | ||
| 245 | _aUrban flats on special offer | ||
| 260 | _c2004 | ||
| 490 |
_aEstates Gazette _v(0433) 14 August 2004, 62-63(2) |
||
| 520 | _aReports on the growing trend of combining retail and housing as superstores add homes to their schemes in order to gain access to brownfield sites and planning permission for new developments. Gives examples of this type of development such as Tesco's new store which is currently under construction in Clapham consisting of a ground floor store with 104 flats above and the Pimlico Village Scheme in Victoria consisting of a Sainsbury's supermarket, private apartments and affordable/social housing units. Tesco has similar schemes already up and running at Hammersmith and Kensington in partnership with housing associations. | ||
| 590 | _aABS | ||
| 650 | _aMIXED-USE DEVELOPMENTS | ||
| 650 | _aFLATS | ||
| 650 | _aSUPERMARKETS | ||
| 650 | _aFLATS ABOVE SHOPS | ||
| 650 |
_aRESIDENTIAL PROPERTY _96266 |
||
| 650 | _aSOCIAL HOUSING | ||
| 650 | _aBROWNFIELD SITES | ||
| 690 | _aPROPERTY-PROPERTY DEVELOPMENT | ||
| 942 | _n0 | ||
| 999 |
_c74508 _d74508 |
||